00587nam a2200181 a 450000100100000000500170001000800410002704000250006808200180009310000340011124500500014526000640019530000270025949000180028660000570030465000260036183000180038700002112220200930011235.0100831s1954 ag 000 0 spa d aDO-SdBNPbspacBNPHU a928.61bL864g1 aGómez de la Serna, Ramón.10aLope viviente /cRamón Gómez de la Serna. aBuenos Aires, (Argentina) :bEspasa-Calpe Argentina,c1954. a147, [10] p. ;c18 cm.1 aAustralv121214aVEGA CARPIO, FÉLIX LOPE DEd1562-1635xBIOGRAFÍA 4aLiteratura española 0aAustralv1212